000 00814nam a2200229Ia 4500
003 GCL
008 140319s9999 xx 000 0 ara d
040 _aGCL /
_cGCL
082 0 4 _a301.21
_bم ك
100 1 _aالمؤسسة العامة للدراسات والنشر
245 1 0 _aالمرأة العربية .. العرب والعالم /
_cالمؤسسة العامة للدراسات والنشر
260 _a[S.N] :
_bالمؤسسة العربية للدراسات والنشر ،
_c1993
300 _a318 ص
490 _a
650 0 4 _aالعالم العربى
650 0 4 _aاليابان
650 0 4 _aالمرأة فى الحياة العامة
650 0 4 _aاسرائيل
650 0 4 _aالعلاقات الخارجية
650 0 4 _aالمرأة فى الاسلام
942 _2ddc
_cBK
999 _c30583
_d30583